| 000 | 00334nam a22001457a 4500 | ||
|---|---|---|---|
| 020 | _a978-93-81735-07-7 | ||
| 082 |
_a641 _bDUB |
||
| 100 | _aDUBEY, K.G | ||
| 245 | _aFAQ'S FOOD PRODUCCTION | ||
| 260 |
_aDELHI _bNAMAN PUBLISHER _c2012 |
||
| 300 | _a190 | ||
| 650 | _aFOOD MANAGEMENT | ||
| 653 | _aFOOD PRODUCTION | ||
| 942 |
_2ddc _cBK _01 |
||
| 999 |
_c8113 _d8113 |
||